X Jornadas fitosanitarias argentinas : informe de su desarrollo /
Guardado en:
| Autor Corporativo: | |
|---|---|
| Otros Autores: | |
| Formato: | Libro |
| Idioma: | Spanish |
| Publicado: |
San Salvador de Jujuy :
Comisión organizadora,
[2000]
|
| Etiquetas: |
Agregar Etiqueta
Sin Etiquetas, Sea el primero en etiquetar este registro!
|
| LEADER | 00763nam a22001695a 4500 | ||
|---|---|---|---|
| 001 | EEA.libagro006552 | ||
| 005 | 20180619123626.0 | ||
| 008 | 130809s2000####ag############100#0#spa#d | ||
| 082 | 0 | 4 | |a 632.0982 |
| 111 | 2 | |a Jornadas fitosanitarias argentinas |n (10 : |d 7 al 9 de abril de 1999 : |c San Salvador de Jujuy) | |
| 245 | 1 | 0 | |a X Jornadas fitosanitarias argentinas : |b informe de su desarrollo / |c editor: Alberto Vigiani. |
| 260 | |a San Salvador de Jujuy : |b Comisión organizadora, |c [2000] | ||
| 300 | |a 53 p. ; |c 30 cm. | ||
| 700 | 1 | |a Vigiani, Alberto René. | |
| 859 | |a AR-BbBCA |b BIB. AGRONOMIA |h 632.0982 |i J82 10 1999 |p 2000/3874 | ||
| 859 | |a AR-BbBCA |b BIB. AGRONOMIA |h 632.0982 |i J82 10 1999 |p 2000/3918 |t Ej.2 | ||
| 859 | |a AR-BbBCA |b BIB. AGRONOMIA |h 632.0982 |i J82 10 1999 |p 2000/3919 |t Ej.3 | ||
